000 00875nam a2200229 a 4500
001 74107
003 BD-RjUL
005 20211209082508.0
008 180227s2010 bg ||||| |||| 000 0bben d
020 _a9847012402535
_cTk. 350.00
035 _a(BD-RjUL)74325
040 _aBD-RjUL
_beng
_cBD-RjUL
041 _aben
082 _223
_a306.440922
_bMOV 2017
100 1 _aমোহাম্মদ, তাজুল
_9220294
245 1 0 _aভাষা সংগ্রামীদের কথা : বৃহত্তর সিলেট /
_c তাজুল মোহাম্মদ,
260 _aঢাকা :
_bসাহিত্য প্রকাশ ,
_c২০১৭
300 _a১৫৮ পৃ. ;
_c২২ সেমি.
650 _aভাষা সংগ্রামী
_vজীবনী
_9220295
650 _aLanguage activist
_vBiography
_9220296
942 _2ddc
_cBK
999 _c74107
_d74107